000 00587nam a2200229Ia 4500
003 OSt
005 20220918183559.0
006 a|||||r|||| 00| 0
007 ta
008 220917b |||||||| |||| 00| 0 eng d
024 _a39,038
037 _cTextual
040 _aARTS
_cARTS
_beng
041 _2eng
_aeng
082 _aO15:1A2:9, G41.3;1
100 _aThadani N V
_963156
245 0 _aStory of the essence of the epic
260 _c1934
650 _aENGLISH LITERATURE
942 _hO15:1A2:9, G41.3;1
_cTEXL
_2CC
999 _c173124
_d173124